00295 a2200121 4500003000400000005001700004008004100021040000600062082002000068100001600088245005000104260001900154OSt20180116182713.0160513b xxu||||| |||| 00| 0 eng d c0 a954.91 PAK 1998 aD Shah Khan aPakistan to the Future With HopecD Shah Khan aVanguardc1998